Movies Quiz

Random Movies or Latin Quiz

Movies :D Quiz Stats

 Plays Quiz not verified by Sporcle

Challenge
Share
Tweet
Embed
Score 0/30 Timer 10:00
0 Plays Today
Movie Title in Latin Movie Title in English % Correct
dominus and domina Smithmr and mrs smith
94.7%
CCC300
84.2%
leo rexthe lion king
63.2%
puella et bestiabeauty and the beast
42.1%
niger cycnusblack swan
42.1%
laeti pedeshappy feet
36.8%
deus patergodfather
36.8%
duodecim simiaetwelve monkeys
31.6%
duodecim irati hominestwelve angry men
31.6%
glacies aetasice age
26.3%
caelum cadetskyfall
21.1%
pulchra mensa beautiful mind
21.1%
ultimum carmenthe last song
21.1%
dormienda puellasleeping beauty
15.8%
domus solushome alone
15.8%
Movie Title in Latin Movie Title in English % Correct
albae puellaewhite chicks
15.8%
vespertilio homobat man
15.8%
inveniendus piscisfinding Nemo
15.8%
dominus anulilord of the rings
15.8%
stella bellastar wars
15.8%
ultimus gladiatorthe last samurai
15.8%
mori durusdie hard
15.8%
magnificus octosuper 8
10.5%
externusalien
10.5%
magnum navistitanic
10.5%
celer quinquefast five
10.5%
sursumup
10.5%
aquilathe eagles
5.3%
in silvaminto the wild
5.3%
remthe thing
5.3%

You're not logged in!

Compare scores with friends on all Sporcle quizzes.
Join for Free
OR
Log In

You Might Also Like...

Show Comments

Extras

Created Nov 25, 2012ReportNominate
Tags:Latin Quiz, English

Top Quizzes Today


Score Distribution

Your Account Isn't Verified!

In order to create a playlist on Sporcle, you need to verify the email address you used during registration. Go to your Sporcle Settings to finish the process.

Report this User

Report this user for behavior that violates our Community Guidelines.

Details: